| 000 | 01924cam a22003734a 4500 | ||
|---|---|---|---|
| 001 | 14014451 | ||
| 003 | OSt | ||
| 005 | 20210414114229.0 | ||
| 008 | 050624s2005 enka b 001 0 eng | ||
| 010 | _a 2005018172 | ||
| 020 | _a1844070506 | ||
| 020 | _a9781844070503 | ||
| 020 | _a1844070514 | ||
| 020 | _a9781844070510 | ||
| 035 | _a(OCoLC)ocm60767046 | ||
| 040 |
_aDLC _cDLC _dBAKER _dC#P _dMUQ _dDLC |
||
| 042 | _apcc | ||
| 050 | 0 | 0 |
_aHC79.E5 _bG513 2005 |
| 082 | 0 | 0 |
_a338.9/27 _222 |
| 100 | 1 |
_aGibson, Robert B., _d1950- |
|
| 245 | 1 | 0 |
_aSustainability assessment : _bcriteria and processes / _cRobert B. Gibson ; with Selma Hassan ... [et al.]. |
| 260 |
_aLondon ; _aSterling, VA : _bEarthscan, _c2005. |
||
| 300 |
_axii, 254 p. : _bill. ; _c24 cm. |
||
| 500 | _aSubtitle on cover: criteria, processes and applications. | ||
| 504 | _aIncludes bibliographical references (p. [189]-205) and index. | ||
| 505 | _aContents: Beginning: stumbling towards sustainability assessment -- Assessment:Thirty-some years of environmental assessment -- Sustainability: The essential of the concept -- Practice: Sustainability in illustrative initiatives -- Criteria:Sustainability requirements as the basics for decision making -- Trade-offs:Conflict and compromise -- Processes:Designing sustainability-based criteria in significance determinations and other common assessment judgements -- Continuations:The way ahead. | ||
| 650 | 0 | _aSustainable development. | |
| 700 | 1 | _aHassan, Selma. | |
| 856 | 4 | 1 |
_3Table of contents _uhttp://www.loc.gov/catdir/toc/ecip0515/2005018172.html |
| 856 | 4 | 2 |
_3Contributor biographical information _uhttp://www.loc.gov/catdir/enhancements/fy1111/2005018172-b.html |
| 906 |
_a7 _bcbc _corignew _d1 _eecip _f20 _gy-gencatlg |
||
| 942 |
_2lcc _cBK |
||
| 999 |
_c3063 _d10563 |
||